Stopping rape (Record no. 96803)

MARC details
000 -LEADER
fixed length control field 01583nam a2200361Ii 4500
008 - FIXED-LENGTH DATA ELEMENTS--GENERAL INFORMATION
fixed length control field 221202s xx 000 0 und d
100 1# - MAIN ENTRY--PERSONAL NAME
Personal name Lombardo, Emanuela,
Relator term author
245 #0 - TITLE STATEMENT
Title Stopping rape
264 #1 - PRODUCTION, PUBLICATION, DISTRIBUTION, MANUFACTURE, AND COPYRIGHT NOTICE
Place of production, publication, distribution, manufacture Bristol
Name of producer, publisher, distributor, manufacturer Policy Press
Date of production, publication, distribution, manufacture, or copyright notice 2015
300 ## - PHYSICAL DESCRIPTION
Extent 1 online resource (322 pages)
336 ## - CONTENT TYPE
Content type term text
Content type code txt
Source rdacontent
337 ## - MEDIA TYPE
Media type term computer
Media type code c
Source rdamedia
338 ## - CARRIER TYPE
Carrier type term online resource
Carrier type code cr
Source rdacarrier
520 ## - SUMMARY, ETC.
Summary, etc. Epdf available Open Access under CC-BY-NC licence. This book offers a comprehensive guide to the international policies developed to stop rape, together with case studies on their effectiveness in practice. Engaging with the legal and criminal justice systems, health services, specialised services for victim-survivors, educational and cultural outreach, and more, it brings together both theory and real-world evidence to build a thorough picture of worldwide efforts to fight rape in all its contexts.
653 ## - INDEX TERM--UNCONTROLLED
Uncontrolled term Comprehensive
653 ## - INDEX TERM--UNCONTROLLED
Uncontrolled term Policy
653 ## - INDEX TERM--UNCONTROLLED
Uncontrolled term Rape
653 ## - INDEX TERM--UNCONTROLLED
Uncontrolled term Stopping
653 ## - INDEX TERM--UNCONTROLLED
Uncontrolled term Towards
700 1# - ADDED ENTRY--PERSONAL NAME
Personal name Agarwal, Bina
700 1# - ADDED ENTRY--PERSONAL NAME
Personal name Armstrong, Jo
700 1# - ADDED ENTRY--PERSONAL NAME
Personal name Francis, Brian
700 1# - ADDED ENTRY--PERSONAL NAME
Personal name Franzway, Suzanne
700 1# - ADDED ENTRY--PERSONAL NAME
Personal name Krizsán, Andrea
700 1# - ADDED ENTRY--PERSONAL NAME
Personal name May-Chahal, Corinne
700 1# - ADDED ENTRY--PERSONAL NAME
Personal name Olive, Phillipa
700 1# - ADDED ENTRY--PERSONAL NAME
Personal name Strid, Sofia
700 1# - ADDED ENTRY--PERSONAL NAME
Personal name Sugarman, David
700 1# - ADDED ENTRY--PERSONAL NAME
Personal name Towers, Jude
700 1# - ADDED ENTRY--PERSONAL NAME
Personal name Walby, Sylvia
856 ## - ELECTRONIC LOCATION AND ACCESS
Uniform Resource Identifier <a href="https://docs.google.com/spreadsheets/d/1yKIrdCPDAG_9c22mwoOIO2DOhtj65Wqa/edit?usp=sharing&ouid=106555315294820607512&rtpof=true&sd=true ">https://docs.google.com/spreadsheets/d/1yKIrdCPDAG_9c22mwoOIO2DOhtj65Wqa/edit?usp=sharing&ouid=106555315294820607512&rtpof=true&sd=true </a>
Link text List of Curated E-Books
942 ## - ADDED ENTRY ELEMENTS (KOHA)
Koha item type E-Book

No items available.

University of Rizal System
Email us at univlibservices@urs.edu.ph

Visit our Website www.urs.edu.ph/library